000 00795nam a2200289Ia 4500
005 20260324135116.0
008 008 260324s9999 xx 000 0 eng d
020 _a9781315196183
037 _aEBOOK
040 _aCRL
040 _beng
040 _cCRL
041 _2eng
041 _aeng
084 _qCRL
100 _aHeikki Jussila; Roser Majoral; Fernanda Delgado-Cravidao
_91199371
245 0 _aGlobalization and Marginality in Geographical Space
245 0 _bPolitical, Economic and Social Issues of Development at the Dawn of New Millennium
260 _bTaylor and Francis
260 _c2001
365 _a
365 _b205
856 _uhttp://www.taylorfrancis.com/books/9781315196183
942 _cEBOOK
999 _c1800112
_d1800112